000 00609nam a22002057a 4500
003 OSt
005 20140310182913.0
008 130128t xxu||||| |||| 00| 0 eng d
020 _a9789719367178
050 _aBJ 1481
_bSa211 2008
082 _aFIL 248.482
_bSa5 2011
245 _a40 stories of passion
_blearn from 40 ordinary people how to make your life extraordinarily beautiful /
_cSanchez, Bo
260 _aQuezon City :
_bShepherd's Voice,
_c2008
300 _a221 p.
_bill.
_c 22 cm
521 _aCollege
526 _c1210L-1700L
541 _j1
562 _e1
942 _2lcc
_cBK
_kFIL
999 _c17259
_d17259